000
00227nam a2200097Ia 4500
001
719509
005
20250826163044.0
008
250824s9999 xx 000 0 und d
245
0
_a
FALAKA
_c
AHMET RASİM
260
_b
ALTIN KİTAPLAR
999
_c
719509
_d
719509